Meranie netto účinnosti modelom HGN
Súčasný stav riešenia problematiky doma a v zahraničí. Výsledky výskumu v postupnom zdokonaľovaní a rozvoji novokoncipovaného modelu HGN vo verzii HGN1 na meranie výkonnosti podniku pre potreby finančného rozhodovania.
Enregistré dans:
| Auteur principal: | |
|---|---|
| Autres auteurs: | , , |
| Format: | Chapitre de livre |
| Langue: | slovaque |
| Sujets: | |
| Tags: |
Pas de tags, Soyez le premier à ajouter un tag!
|
MARC
| LEADER | 00000naa$a2200000$$$4500 | ||
|---|---|---|---|
| 001 | 0237729 | ||
| 005 | 20240502073837.6 | ||
| 041 | 0 | |a slo | |
| 044 | |a SK | ||
| 245 | 1 | 0 | |a Meranie netto účinnosti modelom HGN |c Eduard Hyránek, Michal Grell, Elena Fetisovová, Ladislav Nagy |
| 520 | |a Súčasný stav riešenia problematiky doma a v zahraničí. Výsledky výskumu v postupnom zdokonaľovaní a rozvoji novokoncipovaného modelu HGN vo verzii HGN1 na meranie výkonnosti podniku pre potreby finančného rozhodovania. | ||
| 610 | 2 | 0 | |a rozhodovanie finančné |
| 610 | 2 | 0 | |a výkonnosť podniku |
| 610 | 2 | 0 | |a ukazovatele finančné |
| 610 | 2 | 0 | |a rentabilita |
| 610 | 2 | 0 | |a zisk |
| 610 | 2 | 0 | |a modely lineárne |
| 100 | 1 | |a Hyránek, Eduard, 1955- | |
| 700 | 1 | |a Grell, Michal | |
| 700 | 1 | |a Fetisovová, Elena | |
| 700 | 1 | |a Nagy, Ladislav | |